| 000 | 00356nam a22001577a 4500 | ||
|---|---|---|---|
| 999 |
_c531991 _d531991 |
||
| 003 | nust | ||
| 005 | 20191106094349.0 | ||
| 008 | 150414t xxu||||| |||| 00| 0 eng d | ||
| 020 | _a9382226796 | ||
| 038 | _aMSOHAIL | ||
| 082 | _a0 | ||
| 100 |
_aDr. Millea Cooke _925242 |
||
| 245 | _aBiodiversity and irrigation | ||
| 300 | _a320 p. | ||
| 942 |
_2ddc _cBK |
||